Estrellas errantes / (Record no. 164113)

MARC details
000 -LEADER
campo de control de longitud fija 00661nam a22001935i 4500
001 - NÚMERO DE CONTROL
campo de control 164113
003 - IDENTIFICADOR DE NÚMERO DE CONTROL
campo de control ES-MaACL
005 - FECHA Y HORA DE LA ÚLTIMA TRANSACCIÓN
campo de control 20251015063144.0
008 - DATOS DE LONGITUD FIJA--INFORMACIÓN GENERAL
campo de control de longitud fija 981002s1889 sp |||| | spa d
040 ## - FUENTE DE CATALOGACIÓN
Centro catalogador/agencia de origen CLM
Lengua de catalogación spa
Centro/agencia transcriptor CCPB | 3D
100 1# - ENTRADA PRINCIPAL--NOMBRE DE PERSONA
Nombre de persona Rueda, Salvador,
Fechas asociadas al nombre 1857-1933
9 (RLIN) 100515
245 10 - MENCIÓN DEL TÍTULO
Título Estrellas errantes /
Mención de responsabilidad, etc. Salvador Rueda.
260 ## - PUBLICACIÓN, DISTRIBUCIÓN, ETC.
Lugar de publicación, distribución, etc. Madrid :
Nombre del editor, distribuidor, etc. [s.n.],
Fecha de publicación, distribución, etc. 1889 (
Fabricante Tipografía de "El crédito público")
300 ## - DESCRIPCIÓN FÍSICA
Extensión 73 p. ;
Dimensiones 19 cm.
599 ## - NOTA A LAS ILUSTRACIONES
NOTA A LAS ILUSTRACIONES Litog. de Salvador Rueda firmada por Laporta.
700 1# - ENTRADA AGREGADA--NOMBRE PERSONAL
Nombre de persona Laporta, Francisco,
Fechas asociadas al nombre 1850-1914
9 (RLIN) 152865
852 ## - LOCALIZACIÓN
Ubicación ES-MaACL
Número de control de estantería F-10856(2)
Nota libre -- Enc. pasta española
Holdings
Estatus retirado Estado de pérdida Estado de daño No para préstamo Colección Biblioteca de origen Biblioteca actual Ubicación en estantería Fecha de adquisición Fuente de adquisición Total de préstamos Signatura topográfica completa Código de barras Visto por última vez Precio de reemplazo Tipo de ítem Koha
        Libros del s. XIX Biblioteca del Ateneo de Madrid Biblioteca del Ateneo de Madrid Sala Pecera Planta 2 17/01/2008     F-10856(2) 1172003 23/02/2023 23/02/2023 Libro impreso antiguo